Introducción a impuestos internacionales /

Contenido: 1. Antecedentes; 2. Conceptos generales: residencia; 3. Conceptos generales: fuente de riqueza; 4. Conceptos generales: territorialidad; 5. El establecimiento permanente en la legislación mexicana; 6. Introducción a los tratados internacionales para evitar la doble tributación; 7. Pagos a...

ver descrição completa

Na minha lista:
Detalhes bibliográficos
Formato: Livro
Idioma:espanhol
Publicado em: México : Instituto Mexicano de Contadores Públicos : Colegio de Contadores Públicos de México, 2006, c2006
coleção:(Fiscal IMCP)
Assuntos:
Tags: Adicionar Tag
Sem tags, seja o primeiro a adicionar uma tag!

MARC

LEADER 00000nam^a2200000^a^4500
001 000263730
005 20250521000000.0
009 20260310110625.107
020 |a 970-665-258-2 
037 |a Acervo ITESO - Biblioteca 
041 |a ESP 
082 |a 343. 72056  |b INT 
245 0 0 |a Introducción a impuestos internacionales / 
264 4 |a México :  |b Instituto Mexicano de Contadores Públicos :  |b Colegio de Contadores Públicos de México,  |c 2006, c2006 
300 |a 309 p. 
336 |a texto  |b txt  |2 rdacontenido 
337 |a sin mediación  |b n  |2 rdamedio 
338 |a volumen  |b nc  |2 rdasoporte 
440 1 |a (Fiscal IMCP) 
520 |a Contenido: 1. Antecedentes; 2. Conceptos generales: residencia; 3. Conceptos generales: fuente de riqueza; 4. Conceptos generales: territorialidad; 5. El establecimiento permanente en la legislación mexicana; 6. Introducción a los tratados internacionales para evitar la doble tributación; 7. Pagos al extranjero: servicios; 8. Pagos al extranjero: intereses; 9. Pagos al extranjero: regalías; 10. Pagos al extranjero: asistencia técnica; 11. Pagos al extranjero: dividendos; 12. Pagos al extranjero: ganancias de capital; 13. Acreditamiento de impuesto pagado en el extranjero; 14. Ingresos sujetos a regímenes fiscales preferentes; 16. Operaciones celebradas entre partes relacionadas; 16. IVA en operaciones internacionales. 
649 |a XX 
650 |a Sistemas de Pago a Distancia 
650 |a Doble Imposición 
650 |a Aranceles -  |x Tema Principal 
650 |a Impuestos al Valor Agregado 
650 |a Impuestos -  |x Tema Principal 
650 |a Tratados Comerciales Internacionales 
650 |a Comercio Internacional 
650 |a Sistema Fiscal 
650 |a Derecho Fiscal -  |x Tema Principal 
650 |a Derecho Financiero 
650 |a Derecho Internacional Público 
910 |a Fondo General 
920 |a Impresos - Libros 
930 |a Colección General 
905 |a 101 
901 |a 0500144554  |b IT1  |c ACC  |u 20250521 
902 |a https://opac.biblio.iteso.mx/vufind/Record/000263730